02852 2200265 4500001002100000005001500021035002000036007000300056008004100059020002200100082001000122084001600132100002300148245009000171250001200261300003500273650001900308520212300327264003002450336002102480337003002501338002302531990001602554990001602570INLIS00000000000017820260417081847 a0010-0426000177ta260417 g 0 ind  a978-979-29-3558-5 a005.3 a005.3 MAD k0 aMADCOMSePengarang1 aKupas tuntas adobe dreamweaver dengan pemrograman PHP & MySQL CS6 /cPenulis, MADCOMS aPertama a382 :bilustrasi ;c19 x 23 cm 4aPemograman Web aAdobe Dreamweaver CS6 merupakan program web editor yang dapat digunakan untuk membangun halaman web. Sedangkan pemrograman PHP dan MySQL adalah bahasa pemrograman dan database yang sangat fleksibel dan mudah dipahami. Dengan Dreamweaver CS6, Anda dapat mendesain halaman web tanpa harus mengetik tag-tag HTML, sedangkan dengan menggunakan pemrograman PHP dan database MySQL maka website Anda akan menjadi lebih interaktif dan dinamis. Dalam buku ini dibahas fitur-fitur terbaru yang dimiliki Dreamweaver CS6, yaitu Multiscreen, Layout Fluid Grid, jQuery Mobile dan beberapa fitur handal lainnya. Perkembangan website yang semakin condong ke arah website for mobile atau website untuk ponsel juga diapresiasi oleh Dreamweaver CS6 dengan menyediakan fitur-fiturnya seperti HTML5, CSS3, Layout Fluid Grid dan jQuery Mobile. Dengan tanpa meninggalkan fitur handalnya, untuk website dekstop, membuat Adobe Dreamweaver CS6 menjadi sangat menarik untuk dipelajari. Selain itu, buku ini menyajikan beberapa contoh aplikasi yang dapat digunakan sebagai bahan latihan untuk lebih memudahkan pembaca dalam memahami isi dari setiap pokok bahasannya. Pokok bahasan yang disajikan dalam buku "Kupas Tuntan Adobe Dreamweaver CS6 Dengan Pemrograman PHP & MySQL" ini meliputi: - Mengenal Dreamweaver CS6 dan fitur-fitur terbarunya, serta ruang kerja Dreamweaver CS6. - Membuat site dan mengolah dokumen kerja Adobe Dreamweaver CS6. - Mengolah halaman web, teks dan gambar yang merupakan isi pokok sebuah web. - Membangun layout halaman web dengan HTML, yaitu menggunakan Tabel, Tag Div, AP Div, Frame dan mengolah layout halaman dengan menggunakan CSS. - Membuat navigasi website dengan menggunakan link teks, link gambar, link email, rollover image dan lain-lain. - Mengolah Media dan Behavior untuk memperindah halaman web - Mengolah Form dan memaksimalkan semua objek-objek di dalamnya termasuk juga form untuk jQuery Mobile dan objek Spry yang merupakan perpaduan antara JavaScript dan CSS - Mengenal pemrograman PHP dan pengolahan database menggunakan bahasa MySQL - Membuat aplikasi Dreamweaver CS6 dengan pemrograman PHP & MySQL aYogyakarta :bANDI,c2013 2rdacontentaTeks 2rdamediaaTanpa Perantara 2rdacarrieravolume aPP000251/19 aPP000677/19